000 00483nam a22001937a 4500
003 MPLRDC
005 20220104144550.0
008 210129b ||||| |||| 00| 0 eng d
020 _a7-80653-399-0
082 _a719.384 ZX
100 _a曹莉莉、钟心编著
245 _a柬埔寨之旅
_c
250 _a初版
260 _a
_b广东旅游出版社
_c2003
300 _b
490 _a世界之旅热线丛书
650 _a柬埔寨游记
942 _cBK
_o719.384 ZX
999 _c50847
_d50837